[Event "Eindhoven WLC op 13th"]
[White "Margarido, Jose Miguel Teixeir"]
[Black "Kools, Jasper"]
[Site "Eindhoven"]
[Round "1"]
[Result "1-0"]
[Date "2023.05.05"]
[WhiteElo "2121"]
[BlackElo "1797"]
[PlyCount "49"]
[EventDate "2023.05.05"]
[EventType "swiss"]
[EventRounds "6"]
[EventCountry "NED"]
[SourceTitle "CBM 214 Extra"]
[Source "ChessBase"]
[SourceDate "2023.07.31"]
[SourceVersion "1"]
[SourceVersionDate "2023.07.31"]
[SourceQuality "1"]

1. c4 g6 2. g3 Bg7 3. Bg2 c5 4. Nc3 Nc6 5. a3 e6 6. b4 cxb4 7. axb4 Nxb4 8. Ba3 Nc6 9. Nb5 Be5 10. Nf3 a6 11. Nd6+ Bxd6 12. Bxd6 Nge7 13. e4 0-0 14. 0-0 Na7 15. e5 Re8 16. Ng5 Nf5 17. Ne4 Nxd6 18. Nxd6 Rf8 19. d4 Rb8 20. Qd2 Kg7 21. Rfb1 f6 22. exf6+ Rxf6 23. Rxa6 bxa6 24. Rxb8 Qc7 25. Ne8+ 1-0

[Event "Eindhoven WLC op 12th"]
[White "Koster, Chiel"]
[Black "Kools, Jasper"]
[Site "Eindhoven"]
[Round "2"]
[Result "1/2-1/2"]
[Date "2022.05.14"]
[WhiteElo "1924"]
[BlackElo "1774"]
[PlyCount "51"]
[EventDate "2022.05.13"]
[EventType "swiss"]
[EventRounds "6"]
[EventCountry "NED"]
[SourceTitle "CBM 208 Extra"]
[Source "ChessBase"]
[SourceDate "2022.07.31"]
[SourceVersion "1"]
[SourceVersionDate "2022.07.31"]
[SourceQuality "1"]

1. e4 c5 2. Nf3 e6 3. d4 cxd4 4. Nxd4 a6 5. Bd3 Bc5 6. Be3 Qb6 7. c3 Nc6 8. Qb3 Qa7 9. Nxc6 bxc6 10. Bxc5 Qxc5 11. Qa3 Qxa3 12. Nxa3 d5 13. Nc2 Nf6 14. exd5 cxd5 15. 0-0 0-0 16. c4 dxc4 17. Bxc4 Bb7 18. Ne3 Rfd8 19. Rfd1 Kf8 20. b4 Ke7 21. a4 Nd5 22. Bxd5 Bxd5 23. b5 axb5 24. axb5 Rxa1 25. Rxa1 Rb8 26. Ra7+ 1/2-1/2

[Event "Eindhoven WLC op 12th"]
[White "Krenning, Jasper"]
[Black "Kools, Jasper"]
[Site "Eindhoven"]
[Round "4"]
[Result "0-1"]
[Date "2022.05.14"]
[WhiteElo "1736"]
[BlackElo "1774"]
[PlyCount "98"]
[EventDate "2022.05.13"]
[EventType "swiss"]
[EventRounds "6"]
[EventCountry "NED"]
[SourceTitle "CBM 208 Extra"]
[Source "ChessBase"]
[SourceDate "2022.07.31"]
[SourceVersion "1"]
[SourceVersionDate "2022.07.31"]
[SourceQuality "1"]

1. e4 e6 2. Nc3 c5 3. f4 d5 4. Nf3 Nf6 5. Bb5+ Bd7 6. Bxd7+ Nbxd7 7. d3 a6 8. a4 Qc7 9. 0-0 dxe4 10. dxe4 Qc6 11. e5 Ne4 12. Nxe4 Qxe4 13. Re1 Qc6 14. c4 Be7 15. Qe2 0-0-0 16. b3 h6 17. Be3 Rdg8 18. Rad1 g5 19. Rd3 gxf4 20. Bxf4 Nf8 21. Qe4 Qxe4 22. Rxe4 Ng6 23. Bg3 Rd8 24. Ree3 Kc7 25. h4 h5 26. Kf2 Kc6 27. Ke2 Rhg8 28. Rxd8 Rxd8 29. Rd3 b5 30. axb5+ axb5 31. Rxd8 Bxd8 32. Ng5 Bxg5 33. hxg5 Ne7 34. Kd3 b4 35. Bf2 Kb6 36. Kc2 Nc6 37. Bg3 Nd4+ 38. Kb2 Ne2 39. Bh2 Kc6 40. Kc2 Nd4+ 41. Kb2 Nf5 42. Bf4 Nh4 43. g3 Nf3 44. Ka2 Ne1 45. g6 fxg6 46. Bg5 Nf3 47. Bf6 g5 48. Kb2 h4 49. Bxg5 h3 0-1